Pramene obchodného práva v Slovenskej republike
Obchodné právo. Postavenie podnikateľov a vzťahy, ktorými podnikatelia vstupujú do podnikania. Zdroje práva. Národná legislatíva a nariadenia Európskej únie.
Uložené v:
| Hlavný autor: | |
|---|---|
| Médium: | Kapitola |
| Jazyk: | Slovak |
| Predmet: | |
| Tagy: |
Žiadne tagy, Buďte prvý, kto otaguje tento záznam!
|
MARC
| LEADER | 00000nla a2200000 4500 | ||
|---|---|---|---|
| 001 | 0240027 | ||
| 005 | 20240502073907.6 | ||
| 041 | 0 | |a slo | |
| 044 | |a SK | ||
| 245 | 1 | 0 | |a Pramene obchodného práva v Slovenskej republike |c Mária Veterníková |
| 520 | |a Obchodné právo. Postavenie podnikateľov a vzťahy, ktorými podnikatelia vstupujú do podnikania. Zdroje práva. Národná legislatíva a nariadenia Európskej únie. | ||
| 610 | 2 | 0 | |a právo obchodné |
| 610 | 2 | 0 | |a podnikatelia |
| 610 | 2 | 0 | |a Slovensko |
| 610 | 2 | 0 | |a Európska únia |
| 610 | 2 | 0 | |a Európske spoločenstvá |
| 610 | 2 | 0 | |a legislatíva |
| 610 | 2 | 0 | |a právo medzinárodné |
| 100 | 1 | |a Veterníková, Mária, 1964- | |